| 000 | 00885nam a22002175i 4500 | ||
|---|---|---|---|
| 001 | 157475 | ||
| 003 | ES-MaACL | ||
| 005 | 20250809040614.0 | ||
| 008 | 960320s1878 sp |||| | spa d | ||
| 040 |
_aAS _bspa _cCCPB | SIC |
||
| 100 | 1 |
_aLehr, Ernest. _971355 |
|
| 245 | 1 | 0 |
_aTratado de derecho civil germánico o alemán considerado en sí mismo y en sus relaciones con la legislación francesa / _cpor Ernesto Lehr ; y traducido libremente y adicionado en la parte española por Domingo Alcalde Prieto. |
| 260 |
_aMadrid : _bLibrería de Leocadio López, _c1878 ( _fImp. de Fortanet) |
||
| 300 |
_aXIX, 683 p. ; _c24 cm. |
||
| 650 | 0 | 7 |
_aDerecho civil _2embne _911656 |
| 650 | 0 | 4 |
_aDerecho civil- _zEspaña _911659 |
| 700 | 1 |
_aAlcalde Prieto, Domingo. _919488 |
|
| 752 |
_aEspaña - _dMadrid |
||
| 852 |
_aES-MaACL _jB-5463 _z- Enc. hol. |
||
| 999 |
_c157475 _d157475 |
||